[Event "Mecklenburg VP LL2 Ost 1415"]
[Site "Mecklenburg VP"]
[Date "2014.11.09"]
[Round "2.1"]
[White "Jeske, Holger"]
[Black "Stork, Michael"]
[Result "0-1"]
[WhiteElo "1833"]
[BlackElo "2038"]
[PlyCount "102"]
[EventDate "2014.09.21"]
[EventType "team-tourn"]
[EventRounds "9"]
[EventCountry "GER"]
[SourceTitle "EXT 2022"]
[Source "ChessBase"]
[SourceDate "2021.10.06"]
[SourceVersion "1"]
[SourceVersionDate "2021.10.06"]
[SourceQuality "1"]
[WhiteTeam "Rostock SSC 07 III"]
[BlackTeam "Waren ESV"]
[WhiteTeamCountry "GER"]
[BlackTeamCountry "GER"]

1. e4 c5 2. Nf3 d6 3. Be2 Nf6 4. d3 g6 5. c3 Bg7 6. h3 Nc6 7. Be3 a6 8. Nbd2 0-0 9. Nf1 b5 10. g4 Rb8 11. Ng3 b4 12. d4 bxc3 13. bxc3 Qa5 14. 0-0 Nd7 15. Qd3 Rb2 16. a3 Rb3 17. Qd1 Rxa3 18. Rxa3 Qxa3 19. Qd2 cxd4 20. cxd4 Bb7 21. d5 Nb4 22. Rb1 a5 23. Bd4 Bxd4 24. Qxd4 Rc8 25. Kg2 Qc3 26. Qa7 Qc7 27. Qe3 Kg7 28. Qg5 Nf6 29. Nd4 Qd8 30. h4 Kh8 31. Qe3 Qd7 32. g5 Ng4 33. Qf4 Ne5 34. Nf3 Nxf3 35. Bxf3 Rf8 36. h5 Kg8 37. Rh1 e5 38. Qh4 Nd3 39. Ne2 Bc8 40. Rd1 Nc5 41. Ng3 Qe7 42. Bg4 Bxg4 43. Qxg4 Rb8 44. Ra1 a4 45. Ra3 Rb3 46. Ra1 a3 47. hxg6 fxg6 48. Nf5 gxf5 49. exf5 Nd3 50. f6 Qe8 51. Qe6+ Qxe6 0-1

[Event "Mecklenburg VP LL2 Ost 1213"]
[Site "Mecklenburg VP"]
[Date "2013.01.13"]
[Round "5.1"]
[White "Schmidt, Peter"]
[Black "Stork, Michael"]
[Result "1-0"]
[WhiteElo "2063"]
[BlackElo "1981"]
[PlyCount "51"]
[EventDate "2012.10.14"]
[EventType "team-tourn"]
[EventRounds "9"]
[EventCountry "GER"]
[SourceTitle "EXT 2022"]
[Source "ChessBase"]
[SourceDate "2021.10.06"]
[SourceVersion "1"]
[SourceVersionDate "2021.10.06"]
[SourceQuality "1"]
[WhiteTeam "Wolgast Motor"]
[BlackTeam "Waren ESV"]
[WhiteTeamCountry "GER"]
[BlackTeamCountry "GER"]

1. b4 c6 2. Bb2 Qb6 3. a3 a5 4. c4 d5 5. e3 Bf5 6. Nc3 Nf6 7. Nf3 Nbd7 8. cxd5 cxd5 9. Nd4 Bg6 10. Na4 Qd8 11. Rc1 e5 12. Nb5 Rc8 13. bxa5 Be7 14. Nb6 Rxc1 15. Qxc1 0-0 16. Be2 Qb8 17. Qc7 Qxc7 18. Nxc7 Nxb6 19. axb6 Bd6 20. 0-0 Bc2 21. Rc1 Ba4 22. Nb5 Bb8 23. Nc7 Bc6 24. Bxe5 Nd7 25. Bd4 Rc8 26. Nxd5 1-0

[Event "Mecklenburg VP LL2 Ost 1213"]
[Site "Mecklenburg VP"]
[Date "2012.12.09"]
[Round "4.1"]
[White "Stork, Michael"]
[Black "Bigalke, Steffen"]
[Result "1-0"]
[WhiteElo "1981"]
[BlackElo "1819"]
[PlyCount "75"]
[EventDate "2012.10.14"]
[EventType "team-tourn"]
[EventRounds "9"]
[EventCountry "GER"]
[SourceTitle "EXT 2022"]
[Source "ChessBase"]
[SourceDate "2021.10.06"]
[SourceVersion "1"]
[SourceVersionDate "2021.10.06"]
[SourceQuality "1"]
[WhiteTeam "Waren ESV"]
[BlackTeam "Torgelow Droegeheide II"]
[WhiteTeamCountry "GER"]
[BlackTeamCountry "GER"]

1. Nf3 d6 2. d4 g6 3. c4 Bg7 4. e4 f5 5. Nc3 Nf6 6. Bd3 e6 7. 0-0 0-0 8. Re1 h6 9. Qc2 Nc6 10. a3 Nh5 11. Ne2 e5 12. dxe5 dxe5 13. b4 f4 14. Bb2 Bg4 15. b5 Bxf3 16. gxf3 Ne7 17. c5 g5 18. Bc4+ Kh8 19. Qb3 Qe8 20. Be6 Ng6 21. Rad1 Nf6 22. Kh1 Qe7 23. Qc4 Rad8 24. a4 Rxd1 25. Rxd1 Rd8 26. Rxd8+ Qxd8 27. Bf5 Qd1+ 28. Ng1 Nh4 29. Qe2 Qxe2 30. Nxe2 Nxf3 31. a5 b6 32. cxb6 cxb6 33. a6 Ne8 34. Ba3 Nc7 35. Bd7 Nd4 36. Nc3 Bf6 37. Bd6 Na8 38. Bb8 1-0

[Event "Mecklenburg VP VL 1112"]
[Site "Mecklenburg VP"]
[Date "2012.03.18"]
[Round "8.2"]
[White "Kupfernagel, Michael"]
[Black "Stork, Michael"]
[Result "1/2-1/2"]
[WhiteElo "1926"]
[BlackElo "1953"]
[PlyCount "84"]
[EventDate "2011.10.02"]
[EventType "team-tourn"]
[EventRounds "9"]
[EventCountry "GER"]
[SourceTitle "EXT 2022"]
[Source "ChessBase"]
[SourceDate "2021.10.06"]
[SourceVersion "1"]
[SourceVersionDate "2021.10.06"]
[SourceQuality "1"]
[WhiteTeam "Schwerin SF"]
[BlackTeam "Waren ESV"]
[WhiteTeamCountry "GER"]
[BlackTeamCountry "GER"]

1. d4 Nf6 2. Nc3 d5 3. Bg5 c5 4. e3 e6 5. Nf3 Nc6 6. a3 Bd7 7. Be2 Be7 8. 0-0 0-0 9. dxc5 Bxc5 10. Nd4 Rc8 11. Nxc6 Bxc6 12. Bf4 a6 13. Be5 Qe7 14. Na2 Rfd8 15. c3 Ne4 16. h3 Qh4 17. Bd4 Bd6 18. Bb6 Rd7 19. Nb4 Bb8 20. Bd3 Ng5 21. Qg4 Qxg4 22. hxg4 f6 23. f4 Nf7 24. Rad1 Nd6 25. Rf2 Ba4 26. Rdd2 Nc4 27. Bxc4 Rxc4 28. Rd4 Rxd4 29. exd4 Bd1 30. g5 Rf7 31. gxf6 gxf6 32. Nd3 Bg4 33. Nc5 Kf8 34. g3 h5 35. Kg2 Bd6 36. Rf1 Rh7 37. Re1 Bxc5 38. Bxc5+ Kf7 39. Rh1 Bf5 40. Kf2 Be4 41. Rh4 Kg6 42. Ke3 Bf5 1/2-1/2

[Event "Mecklenburg VP VL 1112"]
[Site "Mecklenburg VP"]
[Date "2011.12.11"]
[Round "4.2"]
[White "Stork, Michael"]
[Black "Jaeger, Tobias"]
[Result "0-1"]
[WhiteElo "1953"]
[BlackElo "1976"]
[PlyCount "74"]
[EventDate "2011.10.02"]
[EventType "team-tourn"]
[EventRounds "9"]
[EventCountry "GER"]
[SourceTitle "EXT 2022"]
[Source "ChessBase"]
[SourceDate "2021.10.06"]
[SourceVersion "1"]
[SourceVersionDate "2021.10.06"]
[SourceQuality "1"]
[WhiteTeam "Waren ESV"]
[BlackTeam "Neubrandenburg SG Eintracht"]
[WhiteTeamCountry "GER"]
[BlackTeamCountry "GER"]

1. Nf3 Nf6 2. c4 g6 3. Nc3 Bg7 4. e4 d6 5. d4 0-0 6. Be2 e5 7. 0-0 Nc6 8. d5 Ne7 9. b4 Nh5 10. Re1 f5 11. Ng5 Nf6 12. Bf1 h6 13. Ne6 Bxe6 14. dxe6 fxe4 15. Nxe4 Qc8 16. c5 Nxe4 17. Rxe4 d5 18. Rh4 g5 19. Rh5 Qxe6 20. a4 Rf7 21. g3 Raf8 22. Ra2 Qg6 23. Bh3 c6 24. Bg4 Nf5 25. Rh3 Qf6 26. Rh5 Qg6 27. Rh3 Re7 28. b5 e4 29. a5 Nd4 30. bxc6 bxc6 31. a6 Nf3+ 32. Kg2 Ne5 33. Rh5 Qf7 34. h4 Nxg4 35. Qxg4 Qf3+ 36. Qxf3 exf3+ 37. Kf1 Rb8 0-1

[Event "Mecklenburg VP LL2 Ost 1011"]
[Site "Mecklenburg VP"]
[Date "2011.03.20"]
[Round "8.2"]
[White "Stork, Michael"]
[Black "Riebort, Frank"]
[Result "1/2-1/2"]
[WhiteElo "1959"]
[BlackElo "2011"]
[PlyCount "86"]
[EventDate "2010.10.10"]
[EventType "team-tourn"]
[EventRounds "9"]
[EventCountry "GER"]
[SourceTitle "EXT 2022"]
[Source "ChessBase"]
[SourceDate "2021.10.06"]
[SourceVersion "1"]
[SourceVersionDate "2021.10.06"]
[SourceQuality "1"]
[WhiteTeam "Waren ESV"]
[BlackTeam "Wolgast Motor"]
[WhiteTeamCountry "GER"]
[BlackTeamCountry "GER"]

1. Nf3 Nf6 2. c4 g6 3. Nc3 Bg7 4. e4 d6 5. d4 0-0 6. Be2 e5 7. 0-0 Nc6 8. d5 Ne7 9. b4 Ne8 10. c5 f5 11. Nd2 Nf6 12. f3 g5 13. Nc4 f4 14. a4 h5 15. Ba3 Ng6 16. b5 Ne8 17. a5 Rf7 18. b6 axb6 19. axb6 Bf8 20. bxc7 Rxc7 21. Nb5 Rg7 22. cxd6 Bd7 23. Qb3 Bxb5 24. Qxb5 Nxd6 25. Bxd6 Rxa1 26. Rxa1 Bxd6 27. Ra7 Qc7 28. Ra8+ Kh7 29. Kf1 Nh8 30. Qe8 Nf7 31. Rc8 Qe7 32. Qxe7 Bxe7 33. Rc7 b5 34. Rxe7 bxc4 35. Bxc4 Nd6 36. Rxg7+ Kxg7 37. Ba6 Kf6 38. Ke2 h4 39. Kf2 Ke7 40. g3 Kf6 41. gxh4 gxh4 42. Kg2 Kg5 43. Kf2 Kf6 1/2-1/2

[Event "Mecklenburg VP LL2 Ost 1011"]
[Site "Mecklenburg VP"]
[Date "2010.10.24"]
[Round "2.2"]
[White "Voelschow, Siegfried"]
[Black "Stork, Michael"]
[Result "1-0"]
[WhiteElo "1908"]
[BlackElo "1959"]
[PlyCount "55"]
[EventDate "2010.10.10"]
[EventType "team-tourn"]
[EventRounds "9"]
[EventCountry "GER"]
[SourceTitle "EXT 2022"]
[Source "ChessBase"]
[SourceDate "2021.10.06"]
[SourceVersion "1"]
[SourceVersionDate "2021.10.06"]
[SourceQuality "1"]
[WhiteTeam "Waterkant Saal SV"]
[BlackTeam "Waren ESV"]
[WhiteTeamCountry "GER"]
[BlackTeamCountry "GER"]

1. e4 c5 2. c3 e5 3. Nf3 Nc6 4. Bc4 Qc7 5. 0-0 Nf6 6. d3 Be7 7. Ng5 0-0 8. f4 h6 9. Nxf7 Rxf7 10. Bxf7+ Kxf7 11. fxe5 Qxe5 12. Bf4 Qe6 13. Na3 d6 14. Nb5 Qd7 15. d4 cxd4 16. cxd4 a6 17. Nxd6+ Bxd6 18. e5 Be7 19. exf6 Bxf6 20. Be5 Qg4 21. Qb3+ Ke7 22. Rae1 Bxe5 23. Qf7+ Kd8 24. dxe5 Bd7 25. e6 Be8 26. Qxb7 Qd4+ 27. Kh1 Ra7 28. e7+ 1-0

[Event "Mecklenburg VP LL2 Ost 0910"]
[Site "Mecklenburg VP"]
[Date "2010.04.11"]
[Round "9.2"]
[White "Stork, Michael"]
[Black "Schmidt, Reinhard"]
[Result "1-0"]
[WhiteElo "1925"]
[BlackElo "1823"]
[PlyCount "83"]
[EventDate "2009.10.18"]
[EventType "team-tourn"]
[EventRounds "9"]
[EventCountry "GER"]
[SourceTitle "EXT 2016"]
[Source "ChessBase"]
[SourceDate "2015.10.08"]
[SourceVersion "1"]
[SourceVersionDate "2015.10.08"]
[SourceQuality "1"]
[WhiteTeam "Waren"]
[BlackTeam "Warnemuende SF Ostsee II"]
[WhiteTeamCountry "GER"]
[BlackTeamCountry "GER"]

1. Nf3 c5 2. c4 Nc6 3. d4 cxd4 4. Nxd4 Nf6 5. g3 Qb6 6. Nb3 Ne5 7. c5 Qc6 8. f3 b6 9. Qd4 Qe6 10. Bg2 Bb7 11. 0-0 Nc6 12. Qf2 b5 13. Nc3 a6 14. e4 Ne5 15. Rd1 Rc8 16. Bf4 Ng6 17. Be3 d6 18. Rac1 Ne5 19. Nd4 Qd7 20. cxd6 exd6 21. Nf5 b4 22. Ne2 Rxc1 23. Nxc1 g6 24. Nh6 Be7 25. Nd3 Qb5 26. Bf1 Nxd3 27. Bxd3 Qh5 28. g4 Qa5 29. Bc4 Rf8 30. Bb6 Qg5 31. Be3 Qa5 32. Qd2 Ng8 33. Nxg8 Rxg8 34. b3 Qc7 35. Bf4 a5 36. Bxd6 Qb6+ 37. Kf1 Bh4 38. Bf4 Bc8 39. Be3 Qf6 40. Ke2 h6 41. Bb5+ Kf8 42. Bc5+ 1-0

[Event "Mecklenburg VP LL2 Ost 0910"]
[Site "Mecklenburg VP"]
[Date "2010.03.21"]
[Round "8.2"]
[White "Stieber, Michael"]
[Black "Stork, Michael"]
[Result "1/2-1/2"]
[WhiteElo "1880"]
[BlackElo "1925"]
[PlyCount "117"]
[EventDate "2009.10.18"]
[EventType "team-tourn"]
[EventRounds "9"]
[EventCountry "GER"]
[SourceTitle "EXT 2016"]
[Source "ChessBase"]
[SourceDate "2015.10.08"]
[SourceVersion "1"]
[SourceVersionDate "2015.10.08"]
[SourceQuality "1"]
[WhiteTeam "Pasewalk"]
[BlackTeam "Waren"]
[WhiteTeamCountry "GER"]
[BlackTeamCountry "GER"]

1. e4 c5 2. c3 e5 3. Nf3 Nc6 4. Bb5 Qc7 5. 0-0 Nf6 6. Re1 Be7 7. d3 0-0 8. Bg5 a6 9. Ba4 b5 10. Bb3 d6 11. Nbd2 Bg4 12. Nf1 a5 13. a4 b4 14. Ne3 Bh5 15. Nf5 Rab8 16. Rb1 Nd8 17. Qc1 Bxf3 18. gxf3 Ne6 19. Kh1 g6 20. Bh6 Rfc8 21. Rg1 Nh5 22. Bxe6 fxe6 23. Ng3 Nxg3+ 24. fxg3 Bf8 25. c4 Qf7 26. Kg2 Bxh6 27. Qxh6 Rf8 28. Rgf1 b3 29. Qd2 Rb4 30. Ra1 Qd7 31. Ra3 Rfb8 32. Rfa1 d5 33. exd5 exd5 34. Qe2 Qe6 35. Rc1 Rd8 36. Rc3 dxc4 37. dxc4 Rd4 38. Rcxb3 Qd6 39. Rd3 Rbxc4 40. Rxd4 Rxd4 41. Qb5 Rb4 42. Rd3 Rxb5 43. Rxd6 Rxb2+ 44. Kh3 Rb4 45. Rd5 Rc4 46. Rxe5 Kf7 47. f4 Kf6 48. Kg4 h6 49. h4 h5+ 50. Kf3 Rxa4 51. Rxc5 Ra3+ 52. Ke4 a4 53. Rc6+ Kg7 54. Ra6 Rxg3 55. Rxa4 Rg4 56. Ke5 Rxh4 57. Ra7+ Kh6 58. f5 gxf5 59. Kxf5 1/2-1/2

[Event "Mecklenburg VP LL2 Ost 0910"]
[Site "Mecklenburg VP"]
[Date "2009.11.29"]
[Round "3.1"]
[White "Schmidt, Peter2222"]
[Black "Stork, Michael"]
[Result "1/2-1/2"]
[WhiteElo "2067"]
[BlackElo "1925"]
[PlyCount "89"]
[EventDate "2009.10.18"]
[EventType "team-tourn"]
[EventRounds "9"]
[EventCountry "GER"]
[SourceTitle "EXT 2016"]
[Source "ChessBase"]
[SourceDate "2015.10.08"]
[SourceVersion "1"]
[SourceVersionDate "2015.10.08"]
[SourceQuality "1"]
[WhiteTeam "Wolgast Motor"]
[BlackTeam "Waren"]
[WhiteTeamCountry "GER"]
[BlackTeamCountry "GER"]

1. Nf3 Nf6 2. g3 d5 3. Bg2 g6 4. b4 Bg7 5. Bb2 0-0 6. 0-0 c6 7. d3 Nbd7 8. Nbd2 Re8 9. Rb1 e5 10. e4 d4 11. Nc4 Qc7 12. c3 b5 13. Na5 dxc3 14. Bxc3 Nb6 15. Rc1 Bg4 16. h3 Bxf3 17. Qxf3 Rac8 18. Rfd1 Nfd7 19. d4 exd4 20. Bxd4 Bxd4 21. Rxd4 Ne5 22. Qd1 Red8 23. Rc5 Rxd4 24. Qxd4 Nbc4 25. Nxc4 Nxc4 26. e5 Rd8 27. Qc3 Qd7 28. e6 Qxe6 29. Rxc6 Rd6 30. Rc7 a6 31. Ra7 Rd8 32. Rc7 h5 33. a4 Ne5 34. axb5 axb5 35. Rc5 Nd3 36. Rxb5 Qe2 37. Rb7 Qxf2+ 38. Kh2 Ne1 39. Qc6 Qxg2+ 40. Qxg2 Nxg2 41. Kxg2 Rd2+ 42. Kf3 Rd3+ 43. Kf4 Kg7 44. Re7 Kf6 45. Re8 1/2-1/2

[Event "Mecklenburg VP LL2 Ost 0809"]
[Site "Mecklenburg VP"]
[Date "2008.12.14"]
[Round "4.2"]
[White "Dambach, Rainer"]
[Black "Stork, Michael"]
[Result "0-1"]
[WhiteElo "1892"]
[BlackElo "1951"]
[PlyCount "72"]
[EventDate "2008.09.28"]
[EventType "team-tourn"]
[EventRounds "9"]
[EventCountry "GER"]
[SourceTitle "EXT 2022"]
[Source "ChessBase"]
[SourceDate "2021.10.06"]
[SourceVersion "1"]
[SourceVersionDate "2021.10.06"]
[SourceQuality "1"]
[WhiteTeam "Pasewalk"]
[BlackTeam "Waren ESV"]
[WhiteTeamCountry "GER"]
[BlackTeamCountry "GER"]

1. c4 Nf6 2. Nc3 d5 3. cxd5 Nxd5 4. g3 g6 5. Bg2 Nxc3 6. bxc3 Bg7 7. Nf3 0-0 8. 0-0 c5 9. Rb1 Qc7 10. Bb2 c4 11. d4 cxd3 12. exd3 Nc6 13. Qe2 Rd8 14. Rbc1 Bf5 15. d4 Be6 16. a4 Na5 17. Rfe1 Bh6 18. Ra1 Nc4 19. Bc1 Bxc1 20. Rexc1 Bd5 21. Nd2 Nxd2 22. Qxd2 Bxg2 23. Kxg2 Qc6+ 24. f3 Rac8 25. Qe2 e6 26. Kf2 Rd5 27. a5 Qc7 28. Qe4 Rcd8 29. f4 h5 30. a6 bxa6 31. Rxa6 Rxd4 32. cxd4 Qxc1 33. Rxa7 Qd2+ 34. Kf1 Rxd4 35. Ra8+ Kh7 36. Qe5 Qd1+ 0-1